000 00873nam a22002057a 4500
999 _c371096
_d371096
008 201127b ||||| |||| 00| 0 eng d
040 _aDE-2950
_bger
_cDE-2950
_erda
041 _ager
100 _aGutke, Thomas:
245 _aB&O schafft 40 neue Arbeitsplätze.
_bWirtschaft: Mittelständisches Bauunternehmen zieht in die frühere Wefo-tec-Halle in Markendorf und baut einen Produktionsstandort für nachhaltige Holzwände auf. Die Fertigung soll im Frühjahr starten /
_cThomas Gutke
264 _c2021
653 _aFrankfurt (Oder)
653 _aWirtschaft
653 _aMittelständische Unternehmensgruppe B&O
773 _dFrankfurt (Oder) Märkisches Verlags- und Druckhaus GmbH & Co KG
_tMärkische Oderzeitung
_g32. Jahrgang (2021) Nr. 260 vom 06./07.11.2021, S. 19
942 _cA